00000000nam##2200000za#4500
0019.686239
003CaOODSP
00520210624230438
007cr |||||||||||
008150407|2001||||xxc|||||o    f|0| 0 eng|d
020 |a0-662-30927-8
040 |aCaOODSP|beng
043 |an-cn---
0861 |aE2-414/2001-2E-IN
1101 |aCanada.|bForeign Affairs and International Trade. |bCanadian Centre for Foreign Policy Development.
24510|aCyprus: Sharing the Canadian Experience of Living Together, June 15-17, 2001 (Larnaca, Cyprus) / |h[electronic resource]|c[by] Marketa Geislerova.
260 |aOttawa - Ontario : |bForeign Affairs and International Trade. |c[2001].
300 |a24p.
590 |a10-06-Supp|b2010-07-26
69007|aExternal relations|2gcpds
69007|aPeacekeeping forces|2gcpds
7201 |aGeislerova, Marketa
7760#|tCyprus: sharing the Canadian experience of living together / |w(CaOODSP)9.648274
85640|ahttp://publications.gc.ca|qPDF|s118 KB|uhttps://publications.gc.ca/collections/Collection/E2-414-2001-2E.pdf
986 |a7005.3E